000 00305nam a22001337a 4500
005 20250926153828.0
008 250926b |||||||| |||| 00| 0 eng d
050 _aSB318
_b.J35 JAN
100 _aJANICK JULES
245 _aHORTICULTURAL SCIENCE
250 _a4TH
260 _axi,746p
942 _2lcc
_cBK
_n0
999 _c7773
_d7773